| 000 | 01396nam0a22002771 4500 | ||
|---|---|---|---|
| 001 | v19\rc\1464734 | ||
| 005 | 20260405115509.0 | ||
| 035 | _a(NLR Aleph) 005213485 | ||
| 090 |
_a5432936 _c5432936 |
||
| 100 | _a20060620d1875 |||y0rusy50 ca | ||
| 101 | 0 | _arus | |
| 102 | _aRU | ||
| 105 | _ay z ||||| | ||
| 200 | 1 |
_aПризнаки истинности православного христианства и лживости мухаммеданства _fСоч. студента Казанск. духовной акад. IV учеб. курса (1848-1852) Павла Раева |
|
| 210 |
_aКазань _cУнив. тип. _d1875 |
||
| 215 |
_a227 с. _d24 |
||
| 225 | 1 |
_aМиссионерский противомусульманский сборник _eТр. студентов Миссион. противомусульм. отд-ния при Казан. духов. акад. _vВып. 9 |
|
| 700 | 0 |
_8rus _7ca _aПалладий _cРаев, Павел Иванович _cмитрополит Санкт-Петербургский и Ладожский _f1827-1898 _3RU\NLR\AUTH\7745869 _928804 |
|
| 790 | 1 |
_aРаев _bП.И. _f1827-1898 _gПавел Иванович |
|
| 801 | 0 |
_aRU _bNLR _c20060620 _gpsbo |
|
| 801 | 0 |
_aRU _bRuMoRGB _c20060620 _2psbo |
|
| 801 | 1 |
_aRU _bProSoft-M _c20060620 _2rusmarc |
|
| 801 | 2 |
_aRU _bNLR _c20070317 _2rusmarc |
|
| 852 |
_aNLR _j6/98 |
||
| 942 | _cBOOK | ||
| 980 | _aNB | ||